[Event "5th European Small Nations"]
[Site "Andorra la Vella"]
[Date "2017.11.13"]
[Round "2.2"]
[White "Nielsen, Rogvi Egilstoft"]
[Black "Rossini, Paul"]
[Result "1-0"]
[BlackElo "1683"]
[WhiteElo "2340"]
[LiveChessVersion "1.4.8"]

1. e4 d6 2. d4 Nf6 3. Nc3 g6 4. Bg5 Bg7 5. f4 O-O 6. Nf3 c6 {[%clk 1:26:42]} 7.
Bd3 {[%clk 1:19:49]} Qb6 {[%clk 1:24:19]} 8. Qd2 {[%clk 1:15:00]} Qxb2
{[%clk 1:17:44]} 9. Rb1 {[%clk 1:12:59]} Qa3 {[%clk 1:17:56]} 10. O-O
{[%clk 1:10:24]} Re8 {[%clk 1:14:53]} 11. e5 {[%clk 1:07:14]} Nfd7
{[%clk 1:10:48]} 12. Rfe1 {[%clk 1:01:42]} dxe5 {[%clk 1:06:36]} 13. fxe5
{[%clk 1:00:03]} e6 {[%clk 0:58:47]} 14. Ne4 {[%clk 0:59:11]} b5 {[%clk 0:55:23]}
15. Nd6 {[%clk 0:57:48]} Rf8 {[%clk 0:55:35]} 16. Be7 {[%clk 0:57:39]} Nb6
{[%clk 0:53:20]} 17. Nxc8 {[%clk 0:56:53]} Qa6 {[%clk 0:51:50]} 18. Bxf8
{[%clk 0:55:08]} Bxf8 {[%clk 0:50:46]} 19. Nd6 {[%clk 0:55:25]} Nd5
{[%clk 0:50:29]} 20. Ng5 {[%clk 0:55:23]} Bxd6 {[%clk 0:50:19]} 21. exd6
{[%clk 0:55:45]} Nd7 {[%clk 0:48:37]} 22. Rf1 {[%clk 0:52:51]} Rf8
{[%clk 0:46:51]} 23. Rf3 {[%clk 0:53:13]} h6 {[%clk 0:44:30]} 24. Nxf7
{[%clk 0:53:28]} Rxf7 {[%clk 0:44:16]} 25. Rxf7 {[%clk 0:53:50]} Kxf7
{[%clk 0:44:33]} 26. Qxh6 {[%clk 0:54:11]} Ne5 {[%clk 0:42:48]} 27. dxe5
{[%clk 0:52:31]} Qb6+ {[%clk 0:41:59]} 28. Kh1 {[%clk 0:52:58]} Nf4
{[%clk 0:42:10]} 29. Rf1 {[%clk 0:52:48]} 1-0

[Event "5th European Small Nations"]
[Site "Andorra la Vella"]
[Date "2017.11.13"]
[Round "2.3"]
[White "Volpinari, Danilo"]
[Black "Rodgaard, John"]
[Result "0-1"]
[BlackElo "2332"]
[WhiteElo "1976"]
[LiveChessVersion "1.4.8"]

1. d4 {[%clk 1:30:48]} d5 {[%clk 1:29:13]} 2. c4 {[%clk 1:30:46]} e6
{[%clk 1:27:28]} 3. Nc3 {[%clk 1:30:24]} c6 {[%clk 1:25:57]} 4. Bf4
{[%clk 1:22:56]} dxc4 {[%clk 1:00:23]} 5. a4 {[%clk 1:14:42]} Nf6
{[%clk 0:49:07]} 6. e3 {[%clk 1:11:43]} Bb4 {[%clk 0:47:41]} 7. Bxb8
{[%clk 1:03:05]} Rxb8 {[%clk 0:47:56]} 8. Bxc4 {[%clk 1:03:30]} c5
{[%clk 0:36:57]} 9. Nge2 {[%clk 0:51:22]} cxd4 {[%clk 0:33:48]} 10. Bb5+
{[%clk 0:50:42]} Ke7 {[%clk 0:26:01]} 11. Nxd4 {[%clk 0:44:40]} e5
{[%clk 0:23:53]} 12. Nde2 {[%clk 0:31:26]} Qxd1+ {[%clk 0:22:43]} 13. Rxd1
{[%clk 0:31:46]} Be6 {[%clk 0:19:39]} 14. O-O {[%clk 0:30:47]} Rhd8
{[%clk 0:18:03]} 15. Rxd8 {[%clk 0:27:30]} Rxd8 {[%clk 0:18:31]} 16. Rd1
{[%clk 0:27:32]} Rxd1+ {[%clk 0:16:59]} 17. Nxd1 {[%clk 0:28:00]} Kd6
{[%clk 0:15:50]} 18. Ndc3 {[%clk 0:22:33]} Bxc3 {[%clk 0:09:51]} 19. Nxc3
{[%clk 0:17:37]} Kc5 {[%clk 0:09:55]} 20. Bd3 {[%clk 0:14:17]} Kb4
{[%clk 0:10:07]} 21. Bc2 {[%clk 0:12:52]} Bb3 {[%clk 0:07:29]} 22. Bb1
{[%clk 0:13:08]} Bxa4 {[%clk 0:07:19]} 23. Nxa4 {[%clk 0:12:22]} Kxa4
{[%clk 0:07:47]} 24. Ba2 {[%clk 0:12:43]} Ne4 {[%clk 0:05:11]} 25. Bxf7
{[%clk 0:12:30]} Nc5 {[%clk 0:05:27]} 26. Kf1 {[%clk 0:08:51]} Nd3
{[%clk 0:05:41]} 27. b3+ {[%clk 0:05:23]} Kb4 {[%clk 0:05:52]} 28. Bd5
{[%clk 0:04:00]} b5 {[%clk 0:04:36]} 29. Be4 {[%clk 0:01:25]} Nc5
{[%clk 0:03:58]} 30. Bxh7 {[%clk 0:01:29]} Kxb3 {[%clk 0:03:54]} 31. Ke2
{[%clk 0:01:41]} a5 {[%clk 0:03:51]} 32. Kd2 {[%clk 0:01:19]} Kb2
{[%clk 0:04:02]} 33. f4 {[%clk 0:01:08]} exf4 {[%clk 0:04:02]} 34. e4
{[%clk 0:00:50]} a4 35. e5 {[%clk 0:01:14]} a3 {[%clk 0:04:21]} 36. Bg8
{[%clk 0:01:14]} b4 {[%clk 0:04:25]} 37. e6 {[%clk 0:00:55]} Nxe6
{[%clk 0:04:33]} 0-1

[Event "5th European Small Nations"]
[Site "Andorra la Vella"]
[Date "2017.11.13"]
[Round "2.4"]
[White "Eydsteinsson, Silas"]
[Black "Berardi, Giancarlo"]
[Result "1-0"]
[BlackElo "1837"]
[WhiteElo "2059"]
[LiveChessVersion "1.4.8"]

1. Nf3 {[%clk 1:30:55]} Nf6 {[%clk 1:29:44]} 2. g3 {[%clk 1:31:15]} g6
{[%clk 1:29:54]} 3. Bg2 {[%clk 1:31:37]} Bg7 {[%clk 1:30:18]} 4. O-O
{[%clk 1:31:59]} O-O {[%clk 1:30:42]} 5. d3 {[%clk 1:31:43]} Nc6 {[%clk 1:28:19]}
6. e4 {[%clk 1:30:46]} d6 {[%clk 1:27:56]} 7. Nbd2 {[%clk 1:25:29]} Bg4
{[%clk 1:25:23]} 8. h3 {[%clk 1:24:16]} Bd7 {[%clk 1:20:55]} 9. c3
{[%clk 1:15:25]} Qc8 {[%clk 1:20:51]} 10. Kh2 {[%clk 1:14:54]} Rb8
{[%clk 1:18:59]} 11. Nh4 {[%clk 1:09:19]} e5 {[%clk 1:15:50]} 12. f4
{[%clk 1:02:53]} exf4 {[%clk 1:14:56]} 13. gxf4 {[%clk 1:02:57]} Nh5
{[%clk 1:07:57]} 14. d4 {[%clk 0:53:39]} Bh6 {[%clk 1:02:20]} 15. Nb3
{[%clk 0:44:58]} Qd8 {[%clk 0:55:40]} 16. Qe1 {[%clk 0:43:42]} Bg7
{[%clk 0:48:42]} 17. Bf3 {[%clk 0:34:22]} Bf6 {[%clk 0:46:00]} 18. Ng2
{[%clk 0:34:39]} Qc8 {[%clk 0:45:41]} 19. Bxh5 {[%clk 0:32:05]} gxh5
{[%clk 0:45:18]} 20. e5 {[%clk 0:31:04]} Be7 {[%clk 0:41:51]} 21. d5
{[%clk 0:20:06]} Nd8 {[%clk 0:35:19]} 22. Qe3 Kh8 23. c4 {[%clk 0:15:54]} Rg8
{[%clk 0:34:59]} 24. Qc3 {[%clk 0:12:33]} Rg6 {[%clk 0:32:48]} 25. Nd4
{[%clk 0:11:06]} h4 {[%clk 0:28:13]} 26. Rf3 {[%clk 0:06:30]} c6 {[%clk 0:12:56]}
27. f5 {[%clk 0:05:30]} Rg3 {[%clk 0:10:49]} 28. e6 {[%clk 0:05:16]} Bf6
{[%clk 0:09:41]} 29. Qd3 {[%clk 0:04:40]} Be5 {[%clk 0:08:18]} 30. Bf4
{[%clk 0:04:51]} Rxf3 {[%clk 0:08:02]} 31. Nxf3 {[%clk 0:04:58]} Bxf4+
{[%clk 0:07:40]} 32. Nxf4 {[%clk 0:05:21]} fxe6 {[%clk 0:06:45]} 33. fxe6 Be8 34.
Qd4+ {[%clk 0:05:13]} Kg8 {[%clk 0:06:51]} 35. Rg1+ {[%clk 0:05:38]} Bg6
{[%clk 0:05:57]} 36. Nxg6 {[%clk 0:04:50]} hxg6 {[%clk 0:06:07]} 37. Rxg6+
{[%clk 0:05:13]} Kf8 {[%clk 0:06:27]} 38. Qf6+ {[%clk 0:05:37]} Ke8
{[%clk 0:06:31]} 39. Rg8# {[%clk 0:05:57]} 1-0

[Event "5th European Small Nations"]
[Site "Andorra la Vella"]
[Date "2017.11.13"]
[Round "2.5"]
[White "Kirby, Peter J."]
[Black "Efimov, Igor"]
[Result "0-1"]
[BlackElo "2397"]
[WhiteElo "1987"]
[LiveChessVersion "1.4.8"]

1. Nf3 {[%clk 1:30:57]} Nf6 {[%clk 1:27:28]} 2. c4 {[%clk 1:30:24]} c6
{[%clk 1:26:52]} 3. d4 {[%clk 1:30:16]} d6 {[%clk 1:27:01]} 4. Nc3
{[%clk 1:29:27]} Bg4 {[%clk 1:23:11]} 5. g3 {[%clk 1:25:29]} Bxf3
{[%clk 1:16:22]} 6. exf3 {[%clk 1:25:53]} Nbd7 {[%clk 1:16:35]} 7. Bg2
{[%clk 1:22:42]} e6 {[%clk 1:16:20]} 8. O-O {[%clk 1:16:39]} d5 {[%clk 1:16:40]}
9. b3 {[%clk 1:14:17]} Qa5 {[%clk 1:14:30]} 10. Bd2 {[%clk 1:10:56]} Qa6
{[%clk 1:14:47]} 11. cxd5 {[%clk 1:08:11]} cxd5 {[%clk 1:13:53]} 12. Qe2
{[%clk 1:02:37]} Qxe2 {[%clk 1:11:53]} 13. Nxe2 {[%clk 1:03:05]} Ba3
{[%clk 1:06:46]} 14. Bc1 {[%clk 1:02:58]} Bxc1 {[%clk 1:05:20]} 15. Rfxc1
{[%clk 1:02:44]} Ke7 {[%clk 1:05:35]} 16. Rc2 {[%clk 1:00:00]} Ne8
{[%clk 1:05:21]} 17. Kf1 {[%clk 0:52:17]} Nd6 {[%clk 1:05:23]} 18. Ke1
{[%clk 0:51:18]} a5 {[%clk 1:04:12]} 19. a4 {[%clk 0:50:09]} Nb8 {[%clk 1:03:25]}
20. Kd2 {[%clk 0:41:14]} Nc6 {[%clk 1:02:25]} 21. Rb1 {[%clk 0:34:02]} Ra6
{[%clk 0:56:58]} 22. h4 {[%clk 0:31:18]} h5 {[%clk 0:55:15]} 23. Bh3
{[%clk 0:30:14]} Rb6 {[%clk 0:54:56]} 24. Ke3 {[%clk 0:28:28]} Nc4+
{[%clk 0:54:07]} 0-1

[Event "5th European Small Nations"]
[Site "Andorra la Vella"]
[Date "2017.11.13"]
[Round "2.6"]
[White "Berezovsky, Igor"]
[Black "Rowe, Peter"]
[Result "1-0"]
[BlackElo "1945"]
[WhiteElo "2378"]
[LiveChessVersion "1.4.8"]

1. d4 {[%clk 1:30:52]} d6 {[%clk 1:30:31]} 2. Nf3 {[%clk 1:30:56]} Nf6
{[%clk 1:29:30]} 3. c4 {[%clk 1:31:08]} Nbd7 {[%clk 1:29:23]} 4. Nc3
{[%clk 1:31:16]} e5 {[%clk 1:29:07]} 5. e4 {[%clk 1:31:34]} Be7 {[%clk 1:25:40]}
6. Be2 {[%clk 1:31:57]} O-O {[%clk 1:24:11]} 7. O-O {[%clk 1:32:25]} c6
{[%clk 1:22:19]} 8. Re1 {[%clk 1:31:25]} Re8 {[%clk 1:18:37]} 9. d5
{[%clk 1:31:06]} cxd5 {[%clk 1:17:07]} 10. cxd5 {[%clk 1:30:56]} Nc5
{[%clk 1:06:22]} 11. Bb5 {[%clk 1:20:52]} Bd7 {[%clk 1:02:33]} 12. a4
{[%clk 1:15:31]} Bxb5 {[%clk 0:45:53]} 13. axb5 {[%clk 1:15:54]} a5
{[%clk 0:45:52]} 14. bxa6 {[%clk 1:10:22]} Rxa6 {[%clk 0:44:30]} 15. Rxa6
{[%clk 1:03:58]} Nxa6 {[%clk 0:42:45]} 16. Be3 {[%clk 1:02:07]} Ng4
{[%clk 0:40:39]} 17. Ba7 {[%clk 1:00:36]} Qa5 {[%clk 0:38:51]} 18. Nh4
{[%clk 0:52:30]} Nf6 {[%clk 0:20:55]} 19. Nf5 {[%clk 0:49:14]} Nc5
{[%clk 0:17:53]} 20. Bxc5 {[%clk 0:45:49]} Qxc5 {[%clk 0:18:11]} 21. Qf3
{[%clk 0:43:07]} Qb4 {[%clk 0:15:12]} 22. h4 {[%clk 0:39:53]} Qxb2
{[%clk 0:12:35]} 23. Rb1 {[%clk 0:38:19]} Qd2 {[%clk 0:11:40]} 24. Rxb7
{[%clk 0:37:51]} Bf8 {[%clk 0:11:22]} 25. Kh2 {[%clk 0:31:08]} h5
{[%clk 0:09:56]} 26. Nb5 {[%clk 0:25:40]} Ng4+ {[%clk 0:08:11]} 27. Kg3
{[%clk 0:25:24]} Qf4+ {[%clk 0:04:35]} 28. Qxf4 {[%clk 0:25:45]} exf4+
{[%clk 0:04:57]} 29. Kxf4 {[%clk 0:24:37]} Nxf2 {[%clk 0:03:49]} 30. Nfxd6
{[%clk 0:24:30]} Bxd6+ {[%clk 0:02:05]} 31. Nxd6 {[%clk 0:24:51]} Rf8
{[%clk 0:01:56]} 32. Re7 {[%clk 0:20:48]} g6 {[%clk 0:00:53]} 33. Ne8
{[%clk 0:19:57]} Nd3+ {[%clk 0:00:41]} 34. Kg5 {[%clk 0:19:31]} Nf2
{[%clk 0:00:45]} 35. d6 1-0

[Event "5th European Small Nations"]
[Site "Andorra la Vella"]
[Date "2017.11.13"]
[Round "2.7"]
[White "Strade, Arita"]
[Black "Villegas, Pierre"]
[Result "0-1"]
[BlackElo "2309"]
[WhiteElo "1864"]
[LiveChessVersion "1.4.8"]

1. e4 {[%clk 1:30:57]} c6 {[%clk 1:30:45]} 2. d4 {[%clk 1:30:46]} d5
{[%clk 1:31:10]} 3. Nc3 {[%clk 1:30:10]} dxe4 {[%clk 1:31:13]} 4. Nxe4
{[%clk 1:30:33]} Bf5 {[%clk 1:31:28]} 5. Ng3 {[%clk 1:30:16]} Bg6
{[%clk 1:31:47]} 6. Nf3 {[%clk 1:30:16]} e6 {[%clk 1:31:52]} 7. Bd3
{[%clk 1:28:17]} Nf6 {[%clk 1:31:35]} 8. O-O {[%clk 1:27:29]} Nbd7
{[%clk 1:30:06]} 9. Re1 {[%clk 1:25:34]} Be7 {[%clk 1:30:16]} 10. Bc4
{[%clk 1:15:46]} O-O {[%clk 1:27:50]} 11. a4 {[%clk 1:14:47]} a5 {[%clk 1:19:24]}
12. c3 {[%clk 1:12:03]} Qb6 {[%clk 1:16:31]} 13. Qe2 {[%clk 1:10:47]} Rfe8
{[%clk 1:12:56]} 14. Ne5 {[%clk 0:52:54]} Rad8 {[%clk 1:12:15]} 15. Nxg6
{[%clk 0:52:18]} hxg6 {[%clk 1:12:38]} 16. Bg5 {[%clk 0:50:26]} Qc7
{[%clk 1:10:22]} 17. Qc2 {[%clk 0:47:10]} Bd6 {[%clk 1:07:58]} 18. Re3
{[%clk 0:45:27]} Rb8 {[%clk 0:58:27]} 19. Nf1 {[%clk 0:28:11]} Nh7
{[%clk 0:43:42]} 20. Bh4 {[%clk 0:26:13]} c5 {[%clk 0:42:16]} 21. Bg3
{[%clk 0:20:41]} cxd4 {[%clk 0:41:23]} 22. Bxd6 {[%clk 0:19:40]} Qxd6
{[%clk 0:41:30]} 23. cxd4 {[%clk 0:19:08]} Nb6 {[%clk 0:40:40]} 24. Bb5
{[%clk 0:16:09]} Rec8 {[%clk 0:38:50]} 25. Qe4 {[%clk 0:16:03]} Nd5
{[%clk 0:38:29]} 26. Re2 {[%clk 0:13:57]} Rd8 {[%clk 0:30:15]} 27. Rc1
{[%clk 0:12:33]} Ndf6 {[%clk 0:28:30]} 28. Qf3 {[%clk 0:10:27]} Qxd4
{[%clk 0:25:53]} 29. Rec2 {[%clk 0:06:55]} Nd5 {[%clk 0:24:45]} 30. b3
{[%clk 0:04:29]} Nhf6 {[%clk 0:22:55]} 31. Ng3 {[%clk 0:04:25]} Qf4
{[%clk 0:18:12]} 32. Qe2 {[%clk 0:04:11]} Nb4 {[%clk 0:16:34]} 33. Rc4
{[%clk 0:03:01]} Qd2 {[%clk 0:15:24]} 34. Qxd2 {[%clk 0:02:12]} Rxd2
{[%clk 0:15:50]} 35. Nf1 {[%clk 0:01:44]} Rdd8 {[%clk 0:15:15]} 36. Rc7
{[%clk 0:02:00]} Nfd5 {[%clk 0:14:52]} 37. R7c5 {[%clk 0:02:15]} Kf8
{[%clk 0:14:06]} 38. g3 {[%clk 0:02:25]} Na2 {[%clk 0:10:56]} 39. R1c2
{[%clk 0:02:20]} Ndb4 {[%clk 0:09:46]} 40. Rd2 {[%clk 0:31:55]} Rxd2
{[%clk 0:39:39]} 41. Nxd2 {[%clk 0:32:20]} Nd5 {[%clk 0:39:37]} 42. Ne4
{[%clk 0:31:32]} Ke7 {[%clk 0:35:17]} 43. Be2 {[%clk 0:26:32]} b6
{[%clk 0:35:33]} 44. Rc2 {[%clk 0:25:23]} Nab4 {[%clk 0:35:36]} 45. Rc1
{[%clk 0:25:20]} Rd8 {[%clk 0:27:53]} 46. Kf1 {[%clk 0:22:56]} f6
{[%clk 0:23:14]} 47. h4 {[%clk 0:19:23]} e5 {[%clk 0:21:57]} 48. Bc4
{[%clk 0:18:05]} Na2 {[%clk 0:19:37]} 49. Rc2 {[%clk 0:16:04]} Ndb4
{[%clk 0:19:40]} 50. Rd2 {[%clk 0:11:47]} Rd4 {[%clk 0:15:50]} 51. Rxd4
{[%clk 0:06:58]} exd4 {[%clk 0:16:14]} 52. Ke2 {[%clk 0:06:58]} Nc3+
{[%clk 0:15:41]} 53. Kf3 {[%clk 0:05:23]} Nc6 {[%clk 0:14:59]} 54. Nd2
{[%clk 0:01:49]} Kd6 {[%clk 0:14:36]} 55. g4 {[%clk 0:01:27]} Kc5
{[%clk 0:13:40]} 56. h5 {[%clk 0:01:11]} g5 {[%clk 0:08:44]} 57. Ne4+
{[%clk 0:00:55]} Kb4 {[%clk 0:08:40]} 58. Nxf6 {[%clk 0:00:57]} Ne5+
{[%clk 0:08:39]} 59. Kg3 {[%clk 0:00:59]} gxf6 {[%clk 0:07:57]} 60. h6
{[%clk 0:00:53]} Ng6 {[%clk 0:07:49]} 61. h7 {[%clk 0:01:00]} Ne4+
{[%clk 0:07:55]} 62. Kg2 {[%clk 0:01:00]} Kc3 {[%clk 0:07:40]} 63. Bf7
{[%clk 0:01:02]} Nh8 {[%clk 0:08:07]} 64. Bd5 {[%clk 0:01:00]} f5
{[%clk 0:06:52]} 65. gxf5 {[%clk 0:00:51]} Nf6 {[%clk 0:07:19]} 66. Bg8
{[%clk 0:00:47]} d3 {[%clk 0:07:39]} 67. Kf1 {[%clk 0:00:44]} d2 {[%clk 0:07:57]}
0-1

[Event "5th European Small Nations"]
[Site "Andorra la Vella"]
[Date "2017.11.13"]
[Round "2.8"]
[White "Ribbegren, Karl Johan"]
[Black "Hale, Andrew"]
[Result "1-0"]
[BlackElo "1871"]
[WhiteElo "2252"]
[LiveChessVersion "1.4.8"]

1. d4 {[%clk 1:30:57]} d6 {[%clk 1:30:51]} 2. e3 {[%clk 1:28:06]} g6
{[%clk 1:29:17]} 3. Nf3 {[%clk 1:27:37]} Bg7 {[%clk 1:29:03]} 4. Be2
{[%clk 1:26:53]} Nd7 {[%clk 1:27:56]} 5. c4 {[%clk 1:26:26]} Ngf6
{[%clk 1:25:35]} 6. Nc3 {[%clk 1:26:01]} O-O {[%clk 1:24:54]} 7. O-O
{[%clk 1:24:34]} e5 {[%clk 1:22:35]} 8. b4 {[%clk 1:23:46]} c6 {[%clk 1:16:27]}
9. a4 {[%clk 1:17:13]} Ne8 {[%clk 1:06:39]} 10. Ba3 {[%clk 1:05:25]} exd4
{[%clk 1:02:16]} 11. exd4 {[%clk 1:04:27]} Nc7 {[%clk 0:57:15]} 12. Qd2
{[%clk 1:03:47]} Re8 {[%clk 0:45:48]} 13. Rfe1 {[%clk 1:02:21]} Nf6
{[%clk 0:45:23]} 14. b5 {[%clk 0:57:53]} Bg4 {[%clk 0:26:55]} 15. h3
{[%clk 0:56:42]} Be6 {[%clk 0:23:51]} 16. Rac1 {[%clk 0:42:28]} Qd7
{[%clk 0:16:41]} 17. Bf1 {[%clk 0:39:41]} Rad8 {[%clk 0:14:36]} 18. Ne4
{[%clk 0:33:53]} Nxe4 {[%clk 0:13:45]} 19. Rxe4 {[%clk 0:34:20]} f5
{[%clk 0:10:30]} 20. Ree1 {[%clk 0:33:33]} Bf7 {[%clk 0:09:27]} 21. Bb2
{[%clk 0:28:35]} h6 {[%clk 0:07:49]} 22. Rxe8+ {[%clk 0:24:07]} Rxe8
{[%clk 0:06:41]} 23. Qa5 {[%clk 0:22:06]} Ra8 {[%clk 0:05:40]} 24. bxc6
{[%clk 0:18:54]} bxc6 {[%clk 0:05:51]} 25. Rb1 {[%clk 0:18:35]} Ne6
{[%clk 0:05:03]} 26. Bc3 {[%clk 0:13:19]} Qc7 {[%clk 0:03:46]} 27. Qa6
{[%clk 0:12:07]} Nd8 {[%clk 0:03:36]} 28. Ba5 {[%clk 0:04:43]} Qc8
{[%clk 0:03:52]} 29. Qxc8 Rxc8 {[%clk 0:04:16]} 30. Bxd8 {[%clk 0:04:09]} Rxd8
{[%clk 0:04:39]} 31. Rb7 {[%clk 0:04:34]} a5 {[%clk 0:04:50]} 32. Bd3
{[%clk 0:03:42]} c5 {[%clk 0:04:35]} 33. d5 {[%clk 0:03:43]} Bc3 {[%clk 0:04:05]}
34. g4 {[%clk 0:03:56]} fxg4 {[%clk 0:03:29]} 35. hxg4 {[%clk 0:04:24]} Be8
{[%clk 0:02:46]} 36. Nh4 {[%clk 0:03:47]} g5 {[%clk 0:01:41]} 37. Nf5
{[%clk 0:04:01]} Rd7 {[%clk 0:00:42]} 38. Nxh6+ {[%clk 0:03:13]} 1-0

[Event "5th European Small Nations"]
[Site "Andorra la Vella"]
[Date "2017.11.13"]
[Round "2.9"]
[White "Mannhart, Marcel"]
[Black "Belzo, Krzysztof"]
[Result "0-1"]
[BlackElo "2077"]
[WhiteElo "2123"]
[LiveChessVersion "1.4.8"]

1. Nc3 {[%clk 1:30:55]} c5 {[%clk 1:30:50]} 2. e4 {[%clk 1:31:17]} g6
{[%clk 1:31:12]} 3. f4 {[%clk 1:30:56]} Bg7 {[%clk 1:31:37]} 4. Nf3
{[%clk 1:31:22]} Nc6 {[%clk 1:30:54]} 5. Bb5 {[%clk 1:30:40]} Nd4
{[%clk 1:30:26]} 6. O-O {[%clk 1:29:57]} e6 {[%clk 1:27:31]} 7. Nxd4
{[%clk 1:25:13]} cxd4 {[%clk 1:27:50]} 8. Ne2 {[%clk 1:25:36]} Ne7
{[%clk 1:23:53]} 9. Kh1 {[%clk 1:25:12]} O-O {[%clk 1:22:22]} 10. Ba4
{[%clk 1:17:57]} a6 {[%clk 1:17:10]} 11. d3 {[%clk 1:17:36]} b5 {[%clk 1:04:50]}
12. Bb3 {[%clk 1:17:46]} Bb7 {[%clk 1:05:04]} 13. Qe1 {[%clk 1:13:35]} Rc8
{[%clk 0:58:34]} 14. Bd2 {[%clk 1:08:36]} d5 {[%clk 0:45:07]} 15. e5
{[%clk 1:05:33]} Nf5 {[%clk 0:37:24]} 16. g4 {[%clk 0:54:53]} Ne3
{[%clk 0:35:58]} 17. Bxe3 {[%clk 0:55:06]} dxe3 {[%clk 0:36:27]} 18. d4
{[%clk 0:55:28]} f6 {[%clk 0:35:12]} 19. exf6 {[%clk 0:52:16]} Bxf6
{[%clk 0:33:43]} 20. g5 {[%clk 0:52:15]} Bg7 {[%clk 0:32:06]} 21. Qg3
{[%clk 0:52:06]} a5 {[%clk 0:30:06]} 22. c3 {[%clk 0:49:40]} b4 {[%clk 0:20:06]}
23. Qxe3 {[%clk 0:48:38]} Qd7 {[%clk 0:20:21]} 24. Bc2 {[%clk 0:48:07]} a4
{[%clk 0:17:10]} 25. Bd3 {[%clk 0:48:17]} bxc3 {[%clk 0:15:00]} 26. bxc3
{[%clk 0:48:31]} Qd6 {[%clk 0:10:18]} 27. Rfb1 {[%clk 0:42:17]} Ba6
{[%clk 0:09:14]} 28. a3 {[%clk 0:30:05]} Bc4 {[%clk 0:05:09]} 29. Bxc4
{[%clk 0:29:44]} dxc4 {[%clk 0:05:13]} 30. Kg1 {[%clk 0:26:26]} Rb8
{[%clk 0:04:59]} 31. Qe4 {[%clk 0:22:55]} Rb3 {[%clk 0:05:11]} 32. Rd1
{[%clk 0:15:50]} Rfb8 {[%clk 0:03:58]} 33. Rd2 {[%clk 0:15:38]} Rb2
{[%clk 0:04:01]} 34. Rad1 {[%clk 0:14:40]} Qd5 {[%clk 0:03:43]} 35. Qxd5
{[%clk 0:13:31]} exd5 {[%clk 0:04:12]} 36. Kf2 {[%clk 0:12:53]} Rxd2
{[%clk 0:04:18]} 37. Rxd2 {[%clk 0:13:17]} Rb3 {[%clk 0:04:45]} 38. Ra2
{[%clk 0:13:00]} Bf8 {[%clk 0:05:09]} 39. Ke3 {[%clk 0:12:14]} Rxa3
{[%clk 0:02:39]} 40. Rc2 {[%clk 0:40:48]} Ra1 {[%clk 0:31:56]} 41. f5
{[%clk 0:39:50]} gxf5 {[%clk 0:23:43]} 42. Nf4 {[%clk 0:36:35]} a3
{[%clk 0:21:59]} 43. Nxd5 {[%clk 0:36:03]} a2 {[%clk 0:22:24]} 44. Re2
{[%clk 0:30:03]} Bd6 {[%clk 0:21:52]} 45. Nb4 {[%clk 0:28:38]} Bf4+
{[%clk 0:19:46]} 46. Kxf4 {[%clk 0:27:06]} Rf1+ {[%clk 0:20:11]} 47. Ke5
{[%clk 0:27:19]} a1=Q {[%clk 0:20:30]} 48. Kf6 {[%clk 0:27:32]} Qa8
{[%clk 0:19:47]} 49. Re5 {[%clk 0:23:49]} Qf8+ {[%clk 0:19:20]} 50. Ke6
{[%clk 0:24:11]} Re1 {[%clk 0:12:21]} 51. Nd5 {[%clk 0:19:58]} Rxe5+
{[%clk 0:10:19]} 52. dxe5 {[%clk 0:20:27]} f4 {[%clk 0:09:35]} 0-1

[Event "5th European Small Nations"]
[Site "Andorra la Vella"]
[Date "2017.11.13"]
[Round "2.10"]
[White "Jouault, Louis"]
[Black "Guller, Andras"]
[Result "1/2-1/2"]
[BlackElo "2041"]
[WhiteElo "1860"]
[LiveChessVersion "1.4.8"]

1. e4 {[%clk 1:30:56]} c5 {[%clk 1:29:55]} 2. Nc3 {[%clk 1:30:53]} e6
{[%clk 1:29:54]} 3. f4 {[%clk 1:29:29]} g6 {[%clk 1:29:25]} 4. Nf3
{[%clk 1:29:10]} Bg7 {[%clk 1:28:48]} 5. Bc4 {[%clk 1:28:17]} a6 {[%clk 1:26:56]}
6. a4 {[%clk 1:28:12]} Ne7 {[%clk 1:25:38]} 7. O-O {[%clk 1:25:03]} d6
{[%clk 1:23:51]} 8. Kh1 {[%clk 1:21:16]} Nbc6 {[%clk 1:22:38]} 9. d3
{[%clk 1:20:20]} O-O {[%clk 1:21:31]} 10. Qe1 {[%clk 1:20:01]} Nd4
{[%clk 1:17:55]} 11. Nxd4 {[%clk 1:19:04]} cxd4 {[%clk 1:17:44]} 12. Ne2
{[%clk 1:18:51]} d5 {[%clk 1:14:06]} 13. Bb3 {[%clk 1:16:52]} dxe4
{[%clk 1:08:14]} 14. dxe4 {[%clk 1:16:52]} d3 {[%clk 1:05:50]} 15. Nc3
{[%clk 1:11:02]} dxc2 {[%clk 1:05:00]} 16. Bxc2 {[%clk 1:10:59]} Bd7
{[%clk 0:51:45]} 17. Be3 {[%clk 1:04:33]} b5 {[%clk 0:46:27]} 18. axb5
{[%clk 1:02:02]} axb5 {[%clk 0:46:35]} 19. Rxa8 {[%clk 1:00:27]} Qxa8
{[%clk 0:46:47]} 20. Bc5 {[%clk 1:00:10]} Re8 {[%clk 0:44:58]} 21. Qd2
{[%clk 0:55:18]} Bc6 {[%clk 0:31:02]} 22. Re1 {[%clk 0:53:24]} Qb8
{[%clk 0:25:53]} 23. b4 {[%clk 0:50:27]} Rd8 {[%clk 0:25:40]} 1/2-1/2

[Event "5th European Small Nations"]
[Site "Andorra la Vella"]
[Date "2017.11.13"]
[Round "2.11"]
[White "Frick, Renato"]
[Black "Mooney, Graham"]
[Result "1-0"]
[BlackElo "1864"]
[WhiteElo "1997"]
[LiveChessVersion "1.4.8"]

1. e4 {[%clk 1:30:56]} c5 {[%clk 1:30:47]} 2. Nf3 {[%clk 1:31:20]} Nc6
{[%clk 1:30:59]} 3. Bb5 {[%clk 1:30:23]} d6 {[%clk 1:28:35]} 4. O-O
{[%clk 1:30:37]} Bd7 {[%clk 1:29:00]} 5. Re1 {[%clk 1:30:57]} e5 {[%clk 1:27:03]}
6. c3 {[%clk 1:31:00]} Nf6 {[%clk 1:24:58]} 7. d4 {[%clk 1:31:12]} cxd4
{[%clk 1:20:35]} 8. cxd4 {[%clk 1:31:12]} Nxd4 {[%clk 1:18:17]} 9. Bxd7+
{[%clk 1:31:04]} Qxd7 {[%clk 1:17:25]} 10. Nxd4 {[%clk 1:31:25]} exd4
{[%clk 1:17:53]} 11. Qxd4 {[%clk 1:31:39]} Be7 {[%clk 1:18:10]} 12. Nc3
{[%clk 1:27:47]} O-O {[%clk 1:13:06]} 13. Bf4 {[%clk 1:25:23]} Rfd8
{[%clk 1:10:19]} 14. Rad1 {[%clk 1:25:24]} Qg4 {[%clk 0:58:29]} 15. Bg3
{[%clk 1:18:02]} Qg5 {[%clk 0:47:53]} 16. Qb4 {[%clk 1:07:15]} Nh5
{[%clk 0:40:32]} 17. Rd5 {[%clk 0:58:12]} Qg6 {[%clk 0:36:40]} 18. Qxb7
{[%clk 0:57:54]} Bf8 {[%clk 0:32:19]} 19. Rd3 {[%clk 0:48:16]} Rab8
{[%clk 0:28:59]} 20. Qxa7 {[%clk 0:46:20]} Rxb2 {[%clk 0:27:26]} 21. Qc7
{[%clk 0:44:30]} Qf6 {[%clk 0:26:29]} 22. Nd5 {[%clk 0:44:03]} Qg5
{[%clk 0:24:46]} 23. h4 {[%clk 0:42:13]} Qg4 {[%clk 0:20:38]} 24. Qxd8
{[%clk 0:42:24]} Qxg3 {[%clk 0:20:09]} 25. Ne7+ 1-0